HRM from A-Z Critical questions asked & answered
Guardat en:
| Autor principal: | |
|---|---|
| Format: | Llibre |
| Idioma: | Undetermined |
| Publicat: |
Boston
McGraw- Hill
2001
|
| Etiquetes: |
Afegir etiqueta
Sense etiquetes, Sigues el primer a etiquetar aquest registre!
|
| Thư viện lưu trữ: | Trung tâm Học liệu Trường Đại học Cần Thơ |
|---|
| LEADER | 00426nam a2200157Ia 4500 | ||
|---|---|---|---|
| 001 | CTU_65854 | ||
| 008 | 210402s9999 xx 000 0 und d | ||
| 020 | |b 600000 | ||
| 082 | |a 658.3 | ||
| 082 | |b M379 | ||
| 100 | |a Christopher L. Martin | ||
| 245 | 0 | |a HRM from A-Z Critical questions asked & answered | |
| 260 | |a Boston | ||
| 260 | |b McGraw- Hill | ||
| 260 | |c 2001 | ||
| 980 | |a Trung tâm Học liệu Trường Đại học Cần Thơ | ||